| 000 | 00384nam a22001697a 4500 | ||
|---|---|---|---|
| 005 | 20160629110608.0 | ||
| 008 | 160629b xxu||||| |||| 00| 0 eng d | ||
| 020 | _a81-0345-1 | ||
| 041 | _aeng | ||
| 082 | _b10979 | ||
| 100 |
_aMishra, Rajio K _93134 |
||
| 245 | _aPersonality Davelopment | ||
| 260 |
_bRupa & Co _c2007 |
||
| 300 | _a272 | ||
| 650 |
_aManagement _9241 |
||
| 942 | _cBK | ||
| 999 |
_c4585 _d4583 |
||